[Event "Hamburg-chT Landesliga 1718"]
[Site "Hamburg"]
[Date "2018.04.22"]
[Round "9.4"]
[White "Franke, Lutz"]
[Black "Gremmel, Jonas Simon"]
[Result "0-1"]
[WhiteElo "2110"]
[BlackElo "1882"]
[PlyCount "76"]
[EventDate "2017.10.08"]
[EventType "team-tourn"]
[EventRounds "9"]
[EventCountry "GER"]
[SourceTitle "EXT 2021"]
[Source "ChessBase"]
[SourceDate "2020.10.23"]
[SourceVersion "1"]
[SourceVersionDate "2020.10.23"]
[SourceQuality "1"]
[WhiteTeam "Eimsbuettel Union"]
[BlackTeam "Hamburg Schachfreunde II"]
[WhiteTeamCountry "GER"]
[BlackTeamCountry "GER"]

1. c4 c5 2. Nf3 Nf6 3. d4 cxd4 4. Nxd4 Nc6 5. Nc3 g6 6. e4 Bg7 7. Nc2 0-0 8. Be2 d6 9. Be3 Bd7 10. 0-0 Rc8 11. f3 Na5 12. Na3 Be6 13. Qa4 Nd7 14. Rac1 Nc5 15. Qc2 Nc6 16. Qd2 a5 17. Rb1 Nb4 18. Nab5 Nc6 19. Nd5 f5 20. exf5 Bxf5 21. Rbd1 Qe8 22. g4 Be6 23. Rde1 Bxd5 24. cxd5 Nb4 25. Nc3 Qf7 26. Rd1 Rfe8 27. Ne4 Nd7 28. a3 Rc2 29. Qe1 Na6 30. Bb5 Rd8 31. Rd2 Rxd2 32. Qxd2 Nf6 33. Nc3 Nc7 34. Bb6 Rc8 35. Rd1 Nxb5 36. Nxb5 Nd7 37. Bxa5 Qxf3 38. Qg2 Qxd1+ 0-1

[Event "Hamburg-chT Landesliga 1415"]
[Site "Hamburg"]
[Date "2015.04.19"]
[Round "9.4"]
[White "Dinckel, Joerg"]
[Black "Franke, Lutz"]
[Result "0-1"]
[WhiteElo "1915"]
[BlackElo "2111"]
[PlyCount "38"]
[EventDate "2014.09.21"]
[EventType "team-tourn"]
[EventRounds "9"]
[EventCountry "GER"]
[SourceTitle "EXT 2022"]
[Source "ChessBase"]
[SourceDate "2021.10.06"]
[SourceVersion "1"]
[SourceVersionDate "2021.10.06"]
[SourceQuality "1"]
[WhiteTeam "St Pauli III"]
[BlackTeam "Eimsbuettel Union"]
[WhiteTeamCountry "GER"]
[BlackTeamCountry "GER"]

1. d4 e6 2. c4 f5 3. g3 Nf6 4. Bg2 Be7 5. Nc3 0-0 6. e3 d6 7. Nge2 e5 8. dxe5 dxe5 9. Qxd8 Rxd8 10. e4 c6 11. Be3 Na6 12. Rd1 Rxd1+ 13. Kxd1 Be6 14. b3 Nc5 15. exf5 Rd8+ 16. Kc1 Bxf5 17. Kb2 Nd3+ 18. Ka1 Ba3 19. Nd1 Nb4 0-1

[Event "Hamburg-ch MA"]
[Site "Hamburg"]
[Date "2013.05.25"]
[Round "8"]
[White "Bente, Bjoern"]
[Black "Franke, Lutz"]
[Result "1-0"]
[WhiteElo "2233"]
[BlackElo "2117"]
[PlyCount "53"]
[EventDate "2013.05.18"]
[EventType "swiss"]
[EventRounds "9"]
[EventCountry "GER"]
[SourceTitle "EXT 2022"]
[Source "ChessBase"]
[SourceDate "2021.10.06"]
[SourceVersion "1"]
[SourceVersionDate "2021.10.06"]
[SourceQuality "1"]

1. d4 e6 2. c4 f5 3. g3 Nf6 4. Bg2 Be7 5. Nf3 d6 6. 0-0 0-0 7. Nc3 Qe8 8. b3 a5 9. Bb2 Na6 10. Re1 Rb8 11. e4 fxe4 12. Nxe4 Nxe4 13. Rxe4 b5 14. Qe2 bxc4 15. bxc4 Qg6 16. Bc3 Nb4 17. a3 Nc6 18. d5 Bf6 19. Nh4 Qf7 20. Bxf6 Qxf6 21. Re1 Nd4 22. Qd2 Nb3 23. Qe3 g5 24. dxe6 gxh4 25. Rg4+ Kh8 26. Rf4 Qg7 27. Rxf8+ 1-0

[Event "Hamburg St Pauli op-A"]
[Site "Hamburg"]
[Date "2011.07.10"]
[Round "2"]
[White "Franke, Lutz"]
[Black "Svane, Rasmus"]
[Result "0-1"]
[WhiteElo "2123"]
[BlackElo "2346"]
[PlyCount "120"]
[EventDate "2011.07.09"]
[EventType "swiss"]
[EventRounds "9"]
[EventCountry "GER"]
[SourceTitle "CBM 143 Extra"]
[Source "ChessBase"]
[SourceDate "2011.08.29"]
[SourceVersion "1"]
[SourceVersionDate "2011.08.29"]
[SourceQuality "1"]

1. b4 e5 2. Bb2 Bxb4 3. Bxe5 Nf6 4. c4 Nc6 5. Bb2 0-0 6. Nf3 Re8 7. e3 d5 8. cxd5 Nxd5 9. Be2 Bf5 10. 0-0 Qe7 11. a3 Bd6 12. Nc3 Nxc3 13. dxc3 Rad8 14. Nd4 Be4 15. Bf3 Bxf3 16. Qxf3 Ne5 17. Qe2 c5 18. Nf3 c4 19. Nxe5 Qxe5 20. g3 Qe4 21. a4 Be5 22. f3 Qd3 23. Kf2 Qxe2+ 24. Kxe2 Rd3 25. e4 Bxc3 26. Bxc3 Rxc3 27. Rfc1 Rxc1 28. Rxc1 Rc8 29. e5 Kf8 30. Kd2 Ke7 31. Kc3 Ke6 32. f4 Rc7 33. Rd1 Kf5 34. Re1 h5 35. e6 fxe6 36. Re5+ Kg4 37. Rg5+ Kf3 38. Rxh5 Kg2 39. a5 b6 40. axb6 axb6 41. Re5 Kxh2 42. Rxe6 Kxg3 43. f5 b5 44. Rg6+ Kf4 45. f6 gxf6 46. Rxf6+ Ke4 47. Rb6 Rc5 48. Re6+ Re5 49. Rd6 Rd5 50. Re6+ Kf5 51. Re3 Re5 52. Rh3 Kg4 53. Rh8 Re3+ 54. Kd4 Rb3 55. Rf8 c3 56. Kd3 b4 57. Rf2 Kg3 58. Ra2 Rb1 59. Kc2 Rf1 60. Kd3 b3 0-1

[Event "Hamburg-chT Landesliga 1011"]
[Site "Hamburg"]
[Date "2011.04.16"]
[Round "8.4"]
[White "Franke, Lutz"]
[Black "Juergens, Bernhard"]
[Result "1-0"]
[WhiteElo "2112"]
[BlackElo "2130"]
[PlyCount "145"]
[EventDate "2010.10.10"]
[EventType "team-tourn"]
[EventRounds "9"]
[EventCountry "GER"]
[SourceTitle "EXT 2022"]
[Source "ChessBase"]
[SourceDate "2021.10.06"]
[SourceVersion "1"]
[SourceVersionDate "2021.10.06"]
[SourceQuality "1"]
[WhiteTeam "Eimsbuettel Union"]
[BlackTeam "Hamburger SK IV"]
[WhiteTeamCountry "GER"]
[BlackTeamCountry "GER"]

1. d4 f5 2. Qd3 d5 3. Bf4 Nf6 4. c4 e6 5. Nf3 Be7 6. Nc3 0-0 7. h3 c6 8. e3 b6 9. Ne5 Bb7 10. Be2 Nbd7 11. cxd5 Nxd5 12. Nxd5 cxd5 13. 0-0 Nxe5 14. Bxe5 Rc8 15. Rfc1 Qd7 16. Qb5 Qxb5 17. Bxb5 Rxc1+ 18. Rxc1 Rc8 19. Rxc8+ Bxc8 20. Bc6 Bd8 21. g4 fxg4 22. hxg4 Ba6 23. f3 Bc4 24. b3 Bd3 25. b4 b5 26. Bd6 Kf7 27. Kf2 Bh4+ 28. Bg3 Be7 29. a3 Bd8 30. Bd6 a5 31. bxa5 Bxa5 32. e4 Bc4 33. Ke3 Bc3 34. Bc5 Bb2 35. Kf4 dxe4 36. Bxe4 Kf6 37. g5+ Kf7 38. Ke5 g6 39. f4 Bc3 40. Bc6 Bd3 41. Bd7 Bc4 42. Bc6 Bd3 43. Bb7 Bc2 44. Bf3 Bd3 45. Bg4 Bc4 46. Bh3 Bb2 47. Bb4 Ba1 48. Bg2 Bb2 49. Bb7 Bb3 50. Bc8 Ba1 51. Bd6 Bb2 52. Bc5 Bc1 53. Ba6 Ba4 54. Bb7 Bb2 55. Bc6 Bc3 56. Bd7 Bd2 57. Bxe6+ Kg7 58. d5 Bc3+ 59. Bd4 b4 60. axb4 Bxb4 61. d6 h6 62. d7 Ba5 63. Kd6+ Kh7 64. Bf6 hxg5 65. Bxg5 Bb6 66. Ke7 Bc7 67. Kf7 Bc2 68. d8R Bxd8 69. Bxd8 Kh6 70. Bg4 Bb3+ 71. Kf8 Bc4 72. Bg5+ Kh7 73. Bd7 1-0

[Event "Hamburg-ch MB"]
[Site "Hamburg"]
[Date "2010.05.24"]
[Round "3.4"]
[White "Schulze, Joachim"]
[Black "Franke, Lutz"]
[Result "1-0"]
[WhiteElo "1953"]
[BlackElo "2046"]
[PlyCount "77"]
[EventDate "2010.05.22"]
[EventType "swiss"]
[EventRounds "9"]
[EventCountry "GER"]
[SourceTitle "EXT 2011"]
[Source "ChessBase"]
[SourceDate "2010.11.26"]
[SourceVersion "1"]
[SourceVersionDate "2010.11.26"]
[SourceQuality "1"]

1. e4 c5 2. Nf3 e6 3. d4 cxd4 4. Nxd4 Bc5 5. Nb3 Bb6 6. Nc3 Ne7 7. Be2 0-0 8. 0-0 Nbc6 9. Kh1 f5 10. f4 fxe4 11. Nxe4 Nf5 12. Rf3 a5 13. a4 d5 14. Ng3 e5 15. Nxf5 Bxf5 16. c3 Be4 17. Rf1 Qh4 18. Bf3 exf4 19. Bxe4 dxe4 20. Qd5+ Kh8 21. Qxe4 Rae8 22. Qf3 Ne5 23. g3 Qh3 24. Qg2 Qxg2+ 25. Kxg2 f3+ 26. Kh1 Nd3 27. Nd4 Bxd4 28. cxd4 Re2 29. Bf4 g5 30. Rxf3 Nf2+ 31. Kg1 Nh3+ 32. Kf1 Rxh2 33. Be5+ Kg8 34. Raa3 Rf2+ 35. Rxf2 Rxf2+ 36. Ke1 Rxb2 37. d5 Rb4 38. d6 Re4+ 39. Kd2 1-0